00906cam a22002534a 4500999001500000001000400015003000900019005001700028008004100045020001500086040003300101082002000134100002400154245007400178250001200252260003100264300004600295500002000341650002100361700002200382942001200404952011800416952011800534 c5412d5412857BD-DhUAP20201210143337.0201210s1982 ii a b 001 0 eng  a0471869708 aDNLM/DLCcDLCdBD-DhUAPbeng00a620.106 VEN223 aVennard, John King. aElementary fluid mechanics /cJohn King Vennard and Robert L. Street. a6th ed. aNew York :bWiley,cc1982. axii, 685 pages :billustrations ;c23 cm. aIncludes index. aFluid mechanics. aStreet, Robert L. 2ddccBK 00102ddc4070aUAPCLbUAPCLcGeneral Stacksd2020-12-10o620.106 VENp3010000857r2020-12-10t1w2020-12-10yBK 00102ddc4070aUAPCLbUAPCLcGeneral Stacksd2020-12-10o620.106 VENp3010017659r2020-12-10t2w2020-12-10yBK